Statistics for Riverdale Characters

Click here to take the quiz!

General Stats

  • This quiz has been taken 1,402 times
  • The average score is 11 of 14

Answer Stats

Description Answer % Correct
A red-head boy who singsArchie Andrews
99%
New girl in their townVeronica Lodge
99%
The pony-tailed blonde girlBetty Cooper
99%
Used to live in the janitor's closetJughead Jones
99%
The boy who got murderedJason Blossom
98%
Twin sister of the aboveCheryl Blossom
96%
Sister of the abovePolly Cooper
94%
The sheriff's sonKevin Keller
78%
Sister of the aboveJellybean Jones
70%
Leader of the gang in townFP Jones
66%
The lead singer of the school's bandJosie McCoy
66%
Music teacherGeraldine Grundy
50%
One of the band member who dated ArchieValerie Brown
38%
Youngest member of the gangJoaquin DeSantos
13%

Score Distribution

Percentile by Number Answered

Percent of People with Each Score

Your Score History

You have not taken this quiz